Duolingo Languages Quiz - Statistics

General Stats
  • This quiz has been taken 1,198 times
    622 since last reset
  • The average score is 26 of 39
Answer Stats
# of Learners Language % Correct
27.9 M French
97%
50.2 M Spanish
97%
12 M Chinese
95%
19.4 M German
94%
25.2 M Japanese
93%
13.6 M Italian
88%
6.28 M Portuguese
88%
9.83 M Russian
87%
18.9 M Korean
85%
2.41 M Swedish
85%
8.63 M Arabic
81%
3.37 M Dutch
80%
1.18 M Finnish
79%
11.3 M Hindi
79%
1.81 M Norwegian (Bokmål)
78%
2.96 M Greek
77%
2.66 M Polish
75%
1.11 M Danish
73%
4.99 M Turkish
70%
2.03 M Irish
69%
1.47 M Ukrainian
69%
735 K Hungarian
65%
1.19 M Romanian
64%
2.86 M Vietnamese
61%
997 K Czech
60%
1.44 M Indonesian
55%
644 K Scottish Gaelic
51%
737 K Swahili
51%
1.7 M Hebrew
50%
2.33 M Latin
47%
369 K Navajo
44%
930 K Zulu
44%
776 K Welsh
42%
419 K Klingon
41%
431 K Esperanto
35%
876 K Hawaiian
35%
603 K Haitian Creole
34%
361 K Yiddish
31%
1.58 M High Valyrian
30%
No matching quizzes found
Score Distribution
Percent of People with Each Score
Percentile by Number Answered
Your Score History
You have not taken this quiz since the last reset